[Event "Bratsk-ch"]
[Site "Bratsk"]
[Date "2018.04.04"]
[Round "13"]
[White "Metlyaev, Evgeni"]
[Black "Sevostyanov, Vasily"]
[Result "1/2-1/2"]
[WhiteElo "2168"]
[BlackElo "2069"]
[PlyCount "75"]
[EventDate "2018.03.24"]
[EventType "tourn"]
[EventRounds "13"]
[EventCountry "RUS"]
[SourceTitle "EXT 2019"]
[Source "ChessBase"]
[SourceDate "2018.10.10"]
[SourceVersion "1"]
[SourceVersionDate "2018.10.10"]
[SourceQuality "1"]

1. e4 e5 2. Nf3 Nc6 3. Nc3 Nf6 4. d4 exd4 5. Nxd4 Bb4 6. Nxc6 bxc6 7. Bg5 0-0 8. Bd3 h6 9. Bh4 d5 10. e5 Re8 11. Qe2 Qd7 12. 0-0 Nh7 13. a3 Bxc3 14. bxc3 Qg4 15. Qxg4 Bxg4 16. f4 Bd7 17. Rab1 Nf8 18. Rb7 Ne6 19. f5 Nc5 20. Rxc7 Rxe5 21. Bg3 Ree8 22. Bd6 Nxd3 23. cxd3 Bc8 24. Rxc6 Re3 25. d4 Bb7 26. Rc7 Ba6 27. Rb1 Rae8 28. Rxa7 Bd3 29. Rc1 Re2 30. Be5 f6 31. Bg3 Bxf5 32. c4 Rd2 33. Re1 Rxe1+ 34. Bxe1 Rd1 35. Kf2 dxc4 36. d5 Rxd5 37. Ra5 Rxa5 38. Bxa5 1/2-1/2

[Event "Bratsk-ch"]
[Site "Bratsk"]
[Date "2018.03.27"]
[Round "5"]
[White "Permyakova, Elvira"]
[Black "Metlyaev, Evgeni"]
[Result "1/2-1/2"]
[WhiteElo "1730"]
[BlackElo "2168"]
[PlyCount "76"]
[EventDate "2018.03.24"]
[EventType "tourn"]
[EventRounds "13"]
[EventCountry "RUS"]
[SourceTitle "EXT 2019"]
[Source "ChessBase"]
[SourceDate "2018.10.10"]
[SourceVersion "1"]
[SourceVersionDate "2018.10.10"]
[SourceQuality "1"]

1. e4 c5 2. Nf3 e6 3. Nc3 Nc6 4. d4 cxd4 5. Nxd4 Nf6 6. Nxc6 bxc6 7. Bd3 Be7 8. 0-0 d6 9. f4 Qc7 10. Qe2 e5 11. h3 0-0 12. Kh1 Re8 13. fxe5 dxe5 14. b3 Be6 15. Bg5 Nd7 16. Be3 Nc5 17. Bc4 Bf8 18. Rad1 Rad8 19. Bxc5 Bxc5 20. Bxe6 Rxe6 21. Qc4 Bd4 22. Ne2 Qb6 23. Ng3 Re7 24. Nf5 Red7 25. b4 Qb8 26. c3 Bb6 27. Rxd7 Rxd7 28. Qxc6 Qd8 29. Qa4 Rd2 30. Qb3 h6 31. Nh4 Qc7 32. c4 Qd7 33. c5 Bd8 34. Nf3 Rd3 35. Nxe5 Rxb3 36. Nxd7 Rxb4 37. Ne5 Rxe4 38. Nxf7 Bc7 1/2-1/2

[Event "Bratsk-ch"]
[Site "Bratsk"]
[Date "2018.03.25"]
[Round "2"]
[White "Metlyaev, Evgeni"]
[Black "Shaydullin, Marsel"]
[Result "1-0"]
[WhiteElo "2168"]
[BlackElo "1888"]
[PlyCount "37"]
[EventDate "2018.03.24"]
[EventType "tourn"]
[EventRounds "13"]
[EventCountry "RUS"]
[SourceTitle "EXT 2019"]
[Source "ChessBase"]
[SourceDate "2018.10.10"]
[SourceVersion "1"]
[SourceVersionDate "2018.10.10"]
[SourceQuality "1"]

1. Nf3 c5 2. c4 Nc6 3. Nc3 g6 4. g3 Bg7 5. Bg2 Nf6 6. 0-0 0-0 7. e3 d5 8. cxd5 Nxd5 9. d4 cxd4 10. Nxd4 Nxc3 11. bxc3 Ne5 12. Rb1 Rb8 13. f4 Ng4 14. Nc6 Qxd1 15. Rxd1 Ra8 16. Nxe7+ Kh8 17. Nxc8 Rfxc8 18. Rxb7 Rcb8 19. Rxf7 1-0

[Event "Bratsk-ch"]
[Site "Bratsk"]
[Date "2016.03.13"]
[Round "4"]
[White "Metlyaev, Evgeni"]
[Black "Shvidko, Egor"]
[Result "1-0"]
[WhiteElo "2172"]
[BlackElo "2062"]
[PlyCount "91"]
[EventDate "2016.03.10"]
[EventType "tourn"]
[EventRounds "11"]
[EventCountry "RUS"]
[SourceTitle "CBM 171 Extra"]
[Source "ChessBase"]
[SourceDate "2016.04.26"]
[SourceVersion "1"]
[SourceVersionDate "2016.04.26"]
[SourceQuality "1"]

1. d4 d5 2. c4 e6 3. Nc3 Nf6 4. cxd5 exd5 5. Bg5 Be7 6. e3 Nbd7 7. Bd3 h6 8. Bf4 c6 9. Qc2 0-0 10. Nge2 Re8 11. 0-0 Nf8 12. f3 Ne6 13. Bg3 a6 14. Rad1 c5 15. dxc5 Bxc5 16. Bf2 Kh8 17. Be4 Qb6 18. Na4 Qc6 19. Bf5 Ba7 20. Nac3 Nc7 21. Nd4 Bxf5 22. Qxf5 Qb6 23. Rd2 Ne6 24. Nb3 Qc6 25. Nxd5 Qb5 26. Qd3 Qxd5 27. Qxd5 Nxd5 28. Rxd5 Re7 29. e4 Bxf2+ 30. Kxf2 Rc8 31. Rfd1 Rec7 32. R1d2 Kg8 33. Ke3 Kf8 34. Nd4 Nc5 35. Nf5 f6 36. h4 Rc6 37. Rd8+ Rxd8 38. Rxd8+ Kf7 39. b4 Ne6 40. Rd7+ Kf8 41. g3 b6 42. Rd6 Rxd6 43. Nxd6 Ke7 44. Nc8+ Kd7 45. Nxb6+ Kc6 46. Nd5 1-0

[Event "Bratsk-ch"]
[Site "Bratsk"]
[Date "2015.03.21"]
[Round "10"]
[White "Metlyaev, Evgeni"]
[Black "Solovjov, Alexandr"]
[Result "1-0"]
[WhiteElo "2159"]
[BlackElo "2193"]
[PlyCount "77"]
[EventDate "2015.03.11"]
[EventType "tourn"]
[EventRounds "11"]
[EventCountry "RUS"]
[SourceTitle "CBM 165 Extra"]
[Source "ChessBase"]
[SourceDate "2015.04.21"]
[SourceVersion "1"]
[SourceVersionDate "2015.04.21"]
[SourceQuality "1"]

1. e4 c5 2. b4 cxb4 3. a3 bxa3 4. Bxa3 d6 5. Nf3 Nc6 6. Bc4 e6 7. 0-0 Be7 8. d4 d5 9. Bb5 Bxa3 10. Rxa3 dxe4 11. Ne5 Nge7 12. Qg4 0-0 13. Bxc6 Nxc6 14. Nxc6 bxc6 15. Qxe4 Qd5 16. Nc3 Qc4 17. Qe3 Ba6 18. Rfa1 Bb5 19. Ra4 Bxa4 20. Rxa4 Qxa4 21. Nxa4 Rfb8 22. h3 Rb4 23. Nc5 a5 24. Qc3 Rb1+ 25. Kh2 Rb6 26. Na4 Rba6 27. Qc4 h6 28. c3 Kh7 29. f4 g6 30. h4 h5 31. Kh3 Kg7 32. Qc5 Rd8 33. Qe5+ Kh7 34. Qc7 Rf8 35. Nc5 Raa8 36. Nxe6 a4 37. Nxf8+ Kg8 38. Qxc6 Ra7 39. Qc5 1-0

[Event "Bratsk-ch"]
[Site "Bratsk"]
[Date "2014.03.19"]
[Round "12"]
[White "Metlyaev, Evgeni"]
[Black "Solovjov, Alexandr"]
[Result "1/2-1/2"]
[WhiteElo "2167"]
[BlackElo "2190"]
[PlyCount "84"]
[EventDate "2014.03.10"]
[EventType "tourn"]
[EventRounds "15"]
[EventCountry "RUS"]
[SourceTitle "CBM 159 Extra"]
[Source "ChessBase"]
[SourceDate "2014.04.24"]
[SourceVersion "1"]
[SourceVersionDate "2014.04.24"]
[SourceQuality "1"]

1. d4 f5 2. e4 fxe4 3. Nc3 Nf6 4. f3 exf3 5. Nxf3 d6 6. Bf4 Bf5 7. Bc4 e6 8. 0-0 Be7 9. Qe2 d5 10. Bd3 0-0 11. Bxf5 exf5 12. Qe6+ Kh8 13. Ng5 Qd7 14. Qxd7 Nbxd7 15. Ne6 Rf7 16. Nxc7 Rc8 17. N7xd5 Nxd5 18. Nxd5 Rxc2 19. Rac1 Rc6 20. Nxe7 Rxe7 21. d5 Rxc1 22. Rxc1 Nb6 23. d6 Rd7 24. a4 Kg8 25. Rc7 Rxc7 26. dxc7 Kf7 27. Kf2 Ke6 28. a5 Nc8 29. Ke3 Kd5 30. Kd3 Kc5 31. Kc3 Kd5 32. Kd3 Kc5 33. g3 Kd5 34. b4 a6 35. Be3 Nd6 36. Bf4 Nc8 37. h4 g6 38. Be3 Kc6 39. Bb6 Kd5 40. Ke3 Ke5 41. Bd4+ Kd5 42. Bb6 Ke5 1/2-1/2

[Event "Bratsk-ch"]
[Site "Bratsk"]
[Date "2014.03.18"]
[Round "11"]
[White "Andronov, Alexey"]
[Black "Metlyaev, Evgeni"]
[Result "1-0"]
[WhiteElo "1973"]
[BlackElo "2167"]
[PlyCount "69"]
[EventDate "2014.03.10"]
[EventType "tourn"]
[EventRounds "15"]
[EventCountry "RUS"]
[SourceTitle "CBM 159 Extra"]
[Source "ChessBase"]
[SourceDate "2014.04.24"]
[SourceVersion "1"]
[SourceVersionDate "2014.04.24"]
[SourceQuality "1"]

1. e4 e6 2. d4 d5 3. Nc3 Bb4 4. e5 c5 5. a3 Bxc3+ 6. bxc3 Ne7 7. Qg4 cxd4 8. Qxg7 Rg8 9. Qxh7 Qc7 10. Ne2 Nbc6 11. f4 Bd7 12. Qd3 dxc3 13. Qxc3 Nf5 14. Rb1 d4 15. Qc5 0-0-0 16. Rg1 b6 17. Qc4 f6 18. exf6 Nd6 19. Qa6+ Kb8 20. g4 e5 21. f5 e4 22. Bf4 Bc8 23. Qa4 d3 24. cxd3 exd3 25. Nc3 Rge8+ 26. Kd1 Ne5 27. f7 Nexf7 28. Nb5 Qe7 29. Bg2 Qe2+ 30. Kc1 d2+ 31. Bxd2 Nxb5 32. Bf4+ Nbd6 33. Rxb6+ axb6 34. Qa8+ Kc7 35. Qa7+ 1-0

[Event "Bratsk-ch"]
[Site "Bratsk"]
[Date "2014.03.12"]
[Round "3"]
[White "Metlyaev, Evgeni"]
[Black "Galaktionov, Pavel"]
[Result "1-0"]
[WhiteElo "2167"]
[BlackElo "2181"]
[PlyCount "123"]
[EventDate "2014.03.10"]
[EventType "tourn"]
[EventRounds "15"]
[EventCountry "RUS"]
[SourceTitle "CBM 159 Extra"]
[Source "ChessBase"]
[SourceDate "2014.04.24"]
[SourceVersion "1"]
[SourceVersionDate "2014.04.24"]
[SourceQuality "1"]

1. d4 f5 2. Qd3 e6 3. e4 fxe4 4. Qxe4 Nf6 5. Qh4 Qe7 6. Nf3 b6 7. c3 Bb7 8. Bg5 Bxf3 9. gxf3 Qf7 10. Bd3 Be7 11. Nd2 Nc6 12. Be4 Nxe4 13. fxe4 Bxg5 14. Qxg5 0-0 15. f3 Qf4 16. Rg1 Rf7 17. Rg3 e5 18. d5 Ne7 19. Ke2 Ng6 20. Qxf4 Rxf4 21. Rag1 Raf8 22. Rg4 R8f7 23. R1g3 Rxg4 24. fxg4 Rf4 25. Ke3 Kf7 26. Nf3 d6 27. h4 Nf8 28. h5 Ke7 29. Nd4 Ke8 30. Nb5 Rf1 31. Nxc7+ Ke7 32. b4 Re1+ 33. Kd3 Nd7 34. g5 Rh1 35. Ne6 g6 36. hxg6 hxg6 37. Rf3 Rh4 38. a4 a5 39. Re3 Rh1 40. Kc4 Rb1 41. Rh3 Re1 42. Rh7+ Ke8 43. Rh8+ Ke7 44. Rh7+ Ke8 45. Rh4 Re3 46. Nc7+ Ke7 47. Rh7+ Kd8 48. Ne6+ Ke8 49. Rh4 Ke7 50. Rh7+ Ke8 51. Rg7 Rxe4+ 52. Kb5 Re3 53. bxa5 bxa5 54. Kc6 Nf8 55. Kxd6 Nxe6 56. Kxe6 Kf8 57. Rf7+ Kg8 58. d6 e4 59. Rf4 Rxc3 60. d7 Rd3 61. Ke7 e3 62. d8Q+ 1-0